Introducción a la lógica simbólica

Gespeichert in:
Bibliographische Detailangaben
1. Verfasser: Stahl, Gerold (VerfasserIn)
Format: Buch
Sprache:Spanisch
Veröffentlicht: Santiago Universitaria 1971
Ausgabe:5a. ed
Schlagworte:
Tags: Tag hinzufügen
Keine Tags, Fügen Sie den ersten Tag hinzu!

MARC

LEADER 00000nam a2200000 a 4500
001 UCQ7484
003 CL-VaPUC
008 981113e19710000CL |||||||||||||||||spa|d
082 0 4 |a 511.3  |b STA  |2 21 
100 0 |a Stahl, Gerold  |e author  |9 421285 
245 1 0 |a Introducción a la lógica simbólica 
250 |a 5a. ed 
300 |a 226 p 
942 |c BK 
945 |d 19981113 00:00:00  |a lriquelm 
260 |a Santiago  |b Universitaria  |c 1971 
650 0 |a Lógica matemática   |9 262442 
650 0 |a Lógica  |9 256849 
650 7 |a METALOGICA  |2 CL-VaPUC  |9 421286 
583 |a last modification  |c 19981113 00:00:00  |k Rodrigo Vera 
999 |c 277090  |d 277088 
952 |0 0  |1 0  |4 0  |6 511_300000000000000_STA_1971  |7 0  |8 A  |9 314824  |a BIBMAT  |b BIBMAT  |d 2019-11-20  |i 1491520  |o 511.3 STA 1971  |p 1491520  |r 2025-01-07  |w 2019-11-20  |y BK  |k MAT 
952 |0 0  |1 0  |4 0  |6 511_300000000000000_STA_1971  |7 0  |8 A  |9 314825  |a BIBGIM  |b BIBGIM  |d 2019-11-20  |i 4077385  |o 511.3 STA 1971  |p 4077385  |r 2025-01-15  |w 2019-11-20  |y BK  |k GIM